000 00673nam a22002297a 4500
003 OSt
005 20260702152719.0
008 260702b |||||||| |||| 00| 0 eng d
020 _a978-0-312-55217-6
022 _a780312552176
040 _cChuka University Library
050 _aPE 1417
_b.R67 2012
100 _aRosa Alfred
_930185
245 _aModels for writers' short essays for composition
260 _aBoston
_bBedford
_c2012
300 _axxvii,711P
650 _aCollege readers
_922384
650 _aReport Writing--problems exercises,etc
_932743
650 _aEnglish language--Rhetoric
_915689
700 _aEschholz Paul
_930188
942 _2lcc
_cBK
_n0
999 _c25986
_d25986